000 00409nam a2200145Ia 4500
008 210716s1989 xx 000 0 und d
041 _aeng
082 _a005.134 PHIC
100 _aPhilip, Clifford.
245 _aDbase IV: developer's reference guide.
_bDeveloper's reference guide.
250 _a1
260 _aNew Delhi
_bBPB Publications
_c1989
300 _axvi,616
650 _aComputer Fundamentals
999 _c181484
_d181484